| 000 | 00486cam a2200157 4500 | ||
|---|---|---|---|
| 020 | _a0683080903 | ||
| 082 | 0 | 0 |
_a621.381 _bTAM _cL-11, P-128 |
| 100 | 1 |
_aTammes, A. R. _941599 |
|
| 245 | 1 | 0 |
_aElectronics for medical and biology laboratory personnel _c[by] A. R. Tammes. |
| 260 |
_aBaltimore, _bWilliams & Wilkins Co. _c[1971] |
||
| 300 |
_axiv, 253 p. _billus. _c24 cm. |
||
| 526 |
_a0 _b0 _c0 _d621_381000000000000_TAM |
||
| 650 | 0 | _aElectronics. | |
| 650 | 0 |
_aMCE _9379 |
|
| 942 |
_2ddc _cBK |
||
| 999 |
_c545665 _d545665 |
||